All Zagreb County settlements - Statistics

General Stats
  • This quiz has been taken 23 times
    21 since last reset
  • The average score is 35 of 694
Answers on the Map
Answers color-coded by a green-red scale on the quiz's map according to % correct below.
 
Answer Stats
Answer % Correct
Samobor
82%
Velika Gorica
82%
Zaprešić
82%
Jastrebarsko
73%
Dugo Selo
64%
Ivanić-Grad
64%
Luka
55%
Sveta Nedelja
55%
Kloštar Ivanić
45%
Kravarsko
45%
Rugvica
45%
Vrbovec
45%
Brckovljani
36%
Bregana
36%
Donji Stupnik
36%
Dubrava
36%
Gornji Stupnik
36%
Klinča Sela
36%
Križ
36%
Orle
36%
Sveti Ivan Zelina
36%
Velika Mlaka
36%
Žumberak
36%
Brdovec
27%
Donja Bistra
27%
Donja Zdenčina
27%
Dubravica
27%
Farkaševac
27%
Gornja Bistra
27%
Gornja Zdenčina
27%
Gradec
27%
Harmica
27%
Ježevo
27%
Krašić
27%
Kupinec
27%
Mraclin
27%
Novo Čiče
27%
Pokupsko
27%
Rakovec
27%
Strmec
27%
Banje Selo
18%
Bedenica
18%
Buševec
18%
Donja Pušća
18%
Gaj
18%
Gornja Pušća
18%
Hrušćica
18%
Jakovlje
18%
Kerestinec
18%
Kopčevec
18%
Kozinščak
18%
Kupljenovo
18%
Leprovica
18%
Lukarišće
18%
Majkovec
18%
Mala Ostrna
18%
Marija Gorica
18%
Mičevec
18%
Novo Selo
18%
Opatinec
18%
Otok Svibovski
18%
Pisarovina
18%
Pojatno
18%
Posavski Bregi
18%
Preseka
18%
Prikraj
18%
Prozorje
18%
Puhovo
18%
Rakov Potok
18%
Savski Marof
18%
Šćitarjevo
18%
Sop
18%
Štakorovec
18%
Stančić
18%
Staro Čiče
18%
Šumećani
18%
Sveta Helena
18%
Sveti Martin pod Okićem
18%
Trnje
18%
Turopolje
18%
Velika Ostrna
18%
Andrilovec
9%
Bestovje
9%
Božjakovina
9%
Brezari
9%
Brezje
9%
Bukevje
9%
Celine
9%
Cerje
9%
Čista Mlaka
9%
Čret Posavski
9%
Črnec Dugoselski
9%
Črnec Rugvički
9%
Cvetković
9%
Deanovec
9%
Domagović
9%
Donja Greda
9%
Donja Kupčina
9%
Donja Zelina
9%
Donje Dvorišće
9%
Donji Desinec
9%
Donji Laduč
9%
Dubrava Pušćanska
9%
Farkaševec Samoborski
9%
Galgovo
9%
Goli Vrh
9%
Gorica Svetojanska
9%
Gornja Greda
9%
Gornja Kupčina
9%
Gornje Dvorišće
9%
Gornji Desinec
9%
Gornji Laduč
9%
Graberje Ivanićko
9%
Gračec
9%
Gradna
9%
Greda
9%
Greda Breška
9%
Guci Draganički
9%
Gudci
9%
Haganj
9%
Hrebine
9%
Hrebinec
9%
Jagnjić Dol
9%
Jalševec Nartski
9%
Jamnica Pisarovinska
9%
Ključ Brdovečki
9%
Ključić Brdo
9%
Konak
9%
Koritna
9%
Krkač
9%
Kuče
9%
Ladina
9%
Laktec
9%
Lekneno
9%
Lepšić
9%
Lijevo Sredičko
9%
Lonjica
9%
Lug Samoborski
9%
Lupoglav
9%
Mala Gorica
9%
Mala Rakovica
9%
Medsave
9%
Mlaka
9%
Negovec
9%
Noršić Selo
9%
Nova Kapela
9%
Novaki
9%
Novaki Bistranski
9%
Novo Selo Žumberačko
9%
Obed
9%
Obedišće
9%
Obedišće Ježevsko
9%
Oborovo
9%
Oborovo Bistransko
9%
Ogulinec
9%
Orešje
9%
Peskovec
9%
Petina
9%
Plešivica
9%
Pogančec
9%
Poljana
9%
Poljanski Lug
9%
Prečec
9%
Prekrižje Plešivičko
9%
Prigorje Brdovečko
9%
Rakitje
9%
Rakitovec
9%
Ribnica
9%
Rude
9%
Samoborec
9%
Selnica Šćitarjevska
9%
Šemovec Breški
9%
Šibice
9%
Smerovišće
9%
Stara Kapela
9%
Tarno
9%
Tedrovec
9%
Trebovec
9%
Tučenik
9%
Veleševec
9%
Velika Kosnica
9%
Velika Rakovica
9%
Vrhovec
9%
Vukomerić
9%
Vukovina
9%
Vukšin Šipak
9%
Zaklepica
9%
Zdenci Brdovečki
9%
Zelina Breška
9%
Auguštanovec
0%
Bađinec
0%
Baničevec
0%
Banovo
0%
Bapča
0%
Barbarići Kravarski
0%
Barovka
0%
Beder
0%
Begovo Brdo Žumberačko
0%
Belčići
0%
Beloslavec
0%
Berislavec
0%
Bešlinec
0%
Beter
0%
Bijela Gorica
0%
Biškupec Zelinski
0%
Blaškovec
0%
Blaževdol
0%
Bobovec Rozganski
0%
Bobovica
0%
Bolč
0%
Bosna
0%
Braslovje
0%
Bratelji
0%
Bratina
0%
Brčevec
0%
Brebrovac
0%
Bregana Pisarovinska
0%
Breganica
0%
Breg Mokrički
0%
Bregovljana
0%
Brezani
0%
Brezarić
0%
Brezine
0%
Breznik Plešivički
0%
Brezovac Žumberački
0%
Brezovec Zelinski
0%
Brlenić
0%
Budinjak
0%
Bukovac Svetojanski
0%
Bukovčak
0%
Bukovec Zelinski
0%
Bukovica Prekriška
0%
Bukovje Bistransko
0%
Bukovje Podvrško
0%
Bunjak
0%
Bunjani
0%
Buzadovac
0%
Čabdin
0%
Caginec
0%
Čakanec
0%
Careva Draga
0%
Čeglje
0%
Celine Goričke
0%
Celine Samoborske
0%
Čemernica Lonjska
0%
Cerik
0%
Cerje Pokupsko
0%
Cerje Samoborsko
0%
Cernik
0%
Cerovica
0%
Cerovski Vrh
0%
Črečan
0%
Crna Mlaka
0%
Črnilovec
0%
Črnkovec
0%
Čučići
0%
Cugovec
0%
Čunkova Draga
0%
Curkovec
0%
Cvetković Brdo
0%
Cvetnić Brdo
0%
Dane
0%
Derežani
0%
Dijaneš
0%
Đivan
0%
Dol
0%
Dolanjski Jarak
0%
Dolec Podokićki
0%
Domaslovec
0%
Donja Drenova
0%
Donja Lomnica
0%
Donja Obreška
0%
Donja Purgarija
0%
Donja Reka
0%
Donja Topličica
0%
Donja Velika
0%
Donje Orešje
0%
Donje Podotočje
0%
Donje Prekrižje
0%
Donje Psarjevo
0%
Donji Čemehovec
0%
Donji Hruševec
0%
Donji Marinkovac
0%
Donji Markovac
0%
Donji Oštrc
0%
Donji Prnjarovec
0%
Donji Tkalec
0%
Donji Vukšinac
0%
Draganje Selo
0%
Draga Svetojanska
0%
Dragonoš
0%
Dragošička
0%
Dragovanščak
0%
Drašći Vrh
0%
Drenje Brdovečko
0%
Drenje Šćitarjevsko
0%
Drežnik Podokićki
0%
Drnek
0%
Dropčevec
0%
Dubovec Bisaški
0%
Dubranec
0%
Dubrava Samoborska
0%
Dubravski Markovac
0%
Dulepska
0%
Dvoranci
0%
Dvorišće
0%
Falašćak
0%
Festinec
0%
Filipovići
0%
Fuka
0%
Gladovec Kravarski
0%
Gladovec Pokupski
0%
Glušinja
0%
Goljak
0%
Golubići
0%
Gonjeva
0%
Gorica Jamnička
0%
Goričanec
0%
Goričica
0%
Gornja Drenova
0%
Gornjaki
0%
Gornja Lomnica
0%
Gornja Obreška
0%
Gornja Purgarija
0%
Gornja Reka
0%
Gornja Topličica
0%
Gornja Vas
0%
Gornja Velika
0%
Gornje Orešje
0%
Gornje Podotočje
0%
Gornje Prekrižje
0%
Gornje Psarjevo
0%
Gornji Hruševec
0%
Gornji Marinkovac
0%
Gornji Oštrc
0%
Gornji Prnjarovec
0%
Gornji Tkalec
0%
Gornji Vinkovec
0%
Gornji Vukšinac
0%
Gostović
0%
Grabarak
0%
Graberanec
0%
Graberec
0%
Graberšćak
0%
Grabrić
0%
Gračac Slavetički
0%
Gradečki Pavlovec
0%
Gradec Pokupski
0%
Gradići
0%
Grdanjci
0%
Gregurić Breg
0%
Grgetići
0%
Grič
0%
Gustelnica
0%
Habjanovac
0%
Hartje
0%
Hotnja
0%
Hrašća
0%
Hrastina
0%
Hrastina Samoborska
0%
Hrastje
0%
Hrastje Plešivičko
0%
Hrnjanec
0%
Hruševec Kupljenski
0%
Hruševec Pušćanski
0%
Hruškovec
0%
Hruškovica
0%
Hrženik
0%
Hudovo
0%
Hutin
0%
Igrišće
0%
Ivančani
0%
Ivančići
0%
Ivanec Bistranski
0%
Izimje
0%
Jablanovec
0%
Jagodno
0%
Jarušje
0%
Javor
0%
Javorek
0%
Javorje
0%
Jerebić
0%
Jezerine
0%
Jezernice
0%
Johovec
0%
Jurjevčani
0%
Jurkovo Selo
0%
Kabal
0%
Kalinje
0%
Kalinovica
0%
Kalje
0%
Kamenica
0%
Keleminovec
0%
Kladešćica
0%
Kladje
0%
Klake
0%
Klokočevec Samoborski
0%
Kobilić
0%
Kolenica
0%
Komin
0%
Konjarić Vrh
0%
Konšćani
0%
Konšćica
0%
Kordići Žumberački
0%
Kostanj
0%
Kostanjevac
0%
Kostanjevec Podvrški
0%
Kostel Pribićki
0%
Kotari
0%
Kozjača
0%
Kozlikovo
0%
Kraj Donji
0%
Kraj Gornji
0%
Kraj Gornji Dubravički
0%
Krajska Ves
0%
Kraljev Vrh
0%
Kravljak
0%
Krečaves
0%
Križci
0%
Križevčec
0%
Krnežići
0%
Krupače
0%
Krušljevec
0%
Kućari
0%
Kučer
0%
Kunđevac
0%
Kupčina Žumberačka
0%
Kupeč Dol
0%
Kurpezova Gorica
0%
Kusanovec
0%
Lanišće
0%
Lazina Čička
0%
Lazi Turopoljski
0%
Ledina
0%
Lijevi Degoj
0%
Lijevi Dubrovčak
0%
Lijevi Štefanki
0%
Lipnica
0%
Lipovec Lonjski
0%
Lokošin Dol
0%
Lovrečka Varoš
0%
Lovrečka Velika
0%
Lubena
0%
Lučelnica
0%
Lugarski Breg
0%
Lukavec
0%
Lukavec Sutlanski
0%
Lukinić Brdo
0%
Lukovo
0%
Lužnica
0%
Mački
0%
Majur
0%
Mala Buna
0%
Mala Hrastilnica
0%
Mala Jazbina
0%
Mala Kosnica
0%
Mali Brezovec
0%
Mali Lipovec
0%
Malunje
0%
Manja Vas
0%
Marenić
0%
Marija Magdalena
0%
Marinovec Zelinski
0%
Markuševec Turopoljski
0%
Markušići
0%
Martinska Ves
0%
Medven Draga
0%
Merenje
0%
Miladini
0%
Mirkopolje
0%
Mokrica Tomaševečka
0%
Molvice
0%
Mostari
0%
Mrzlo Polje Žumberačko
0%
Nart Savski
0%
Naselje Stjepana Radića
0%
Nespeš
0%
Novaki Nartski
0%
Novaki Oborovski
0%
Novaki Petrovinski
0%
Novaki Šćitarjevski
0%
Novakovec Bisaški
0%
Novo Brdo
0%
Novo Mjesto
0%
Novoselec
0%
Novo Selo Okićko
0%
Obrezina
0%
Obrež Zelinski
0%
Okešinec
0%
Okuje
0%
Okunšćak
0%
Omamno
0%
Opatija
0%
Oplaznik
0%
Orešje Okićko
0%
Osredek Žumberački
0%
Osunja
0%
Otok Nartski
0%
Otrčkovec
0%
Otruševec
0%
Paljugi
0%
Paruževac
0%
Paukovec
0%
Pavlovčani
0%
Pavučnjak
0%
Pećno
0%
Pehardovac
0%
Pesak
0%
Petkov Breg
0%
Petravec
0%
Petričko Selo
0%
Petrovina
0%
Petrovina Turopoljska
0%
Pirakovec
0%
Plavci
0%
Pluska
0%
Podgorje Jamničko
0%
Podgrađe Podokićko
0%
Podjales
0%
Podlužan
0%
Podolec
0%
Podvornica
0%
Podvrh
0%
Pokasin
0%
Poklek
0%
Poljana Čička
0%
Poljanica Bistranska
0%
Poljanica Okićka
0%
Pologi
0%
Polonje
0%
Polonje Tomaševečko
0%
Potočec
0%
Praščevac
0%
Prečno
0%
Predavec
0%
Prepolno
0%
Prerovec
0%
Preseka Oborovska
0%
Pretoki
0%
Prevlaka
0%
Prhoć
0%
Pribić
0%
Pribić Crkveni
0%
Prilesje
0%
Prilipje
0%
Prodin Dol
0%
Prosinec
0%
Prudnice
0%
Prvinci
0%
Prvonožina
0%
Pustike
0%
Radina Gorica
0%
Radinovo Brdo
0%
Radoišće
0%
Radulec
0%
Rastoki
0%
Razljev
0%
Rečica Kriška
0%
Redovje
0%
Remetinec
0%
Repinec
0%
Repišće
0%
Reštovo Žumberačko
0%
Roženica
0%
Rozga
0%
Ruča
0%
Rude Pribićke
0%
Salajci
0%
Salnik
0%
Šalovec
0%
Samoborski Otok
0%
Sasi
0%
Savršćak
0%
Savska Cesta
0%
Ščapovec
0%
Selce Žumberačko
0%
Selnica Psarjevačka
0%
Šelovec
0%
Selsko Brdo
0%
Šenkovec
0%
Šestak Brdo
0%
Šiljakovina
0%
Šimraki
0%
Šipački Breg
0%
Širinec
0%
Sječevac
0%
Slani Dol
0%
Slapnica
0%
Slatina
0%
Slavagora
0%
Slavetić
0%
Sobočani
0%
Sop Bukevski
0%
Sopote
0%
Sošice
0%
Špigelski Breg
0%
Srebrnjak
0%
Srednjak
0%
Srednja Velika
0%
Staničići Žumberački
0%
Stankovo
0%
Stara Marča
0%
Stari Glog
0%
Stari Grad Žumberački
0%
Stojdraga
0%
Strezojevo
0%
Strmac Pribićki
0%
Strmec Bukevski
0%
Struga Nartska
0%
Stružec Posavski
0%
Stupe
0%
Stupnički Obrež
0%
Suhodol Zelinski
0%
Šulinec
0%
Šurdovec
0%
Suša
0%
Šušnjari
0%
Sveti Križ
0%
Svetonedeljski Breg
0%
Svibje
0%
Svinjarec
0%
Svrževo
0%
Tihočaj
0%
Tisovac Žumberački
0%
Tomaševci
0%
Tomaševec
0%
Toplice
0%
Topolje
0%
Topolovec
0%
Topolovec Pisarovinski
0%
Trstenik
0%
Trstenik Nartski
0%
Tržić
0%
Tupčina
0%
Turkovčina
0%
Vadina
0%
Valetić
0%
Velika Buna
0%
Velika Gora
0%
Velika Hrastilnica
0%
Velika Jamnička
0%
Velika Jazbina
0%
Veliki Brezovec
0%
Veliki Lipovec
0%
Veliki Vrh
0%
Vezišće
0%
Vinkovec
0%
Višći Vrh
0%
Višnjevec Podvrški
0%
Visoće
0%
Vlašić Brdo
0%
Vlaškovec
0%
Volavje
0%
Vranjak Žumberački
0%
Vranov Dol
0%
Vratnik Samoborski
0%
Vrbovečki Pavlovec
0%
Vrbovec Samoborski
0%
Vrbovo Posavsko
0%
Vrhovčak
0%
Vučilčevo
0%
Vukovje Zelinsko
0%
Vukovo Brdo
0%
Vukovo Selo
0%
Zablatje Posavsko
0%
Žabnica
0%
Žabnjak
0%
Zabrđe
0%
Zadrkovec
0%
Žamarija
0%
Zdihovo
0%
Žejinci
0%
Željezno Žumberačko
0%
Zetkan
0%
Zgališće
0%
Zgurić Brdo
0%
Žitarka
0%
Žitkovčica
0%
Žitomir
0%
Žlebec Gorički
0%
Žlebec Pušćanski
0%
Zrinšćina
0%
Žukovec
0%
Žunci
0%
Zvekovac
0%
Zvonik
0%
No matching quizzes found
Score Distribution
Percent of People with Each Score
Percentile by Number Answered
Your Score History
You have not taken this quiz since the last reset